| 000 | 01020nam a22002055i 4500 | ||
|---|---|---|---|
| 001 | 167159 | ||
| 003 | ES-MaACL | ||
| 005 | 20250929063247.0 | ||
| 008 | 020312s1874 sp |||| | spa d | ||
| 040 |
_aCAM _bspa _cCAM |
||
| 100 | 1 |
_aVelázquez y Sánchez, José, _dm. 1880 _9133611 |
|
| 245 | 1 | 3 |
_aEl rondador de Sevilla _b: tradición histórica en un acto / _coriginal de José Velázquez y Sánchez. |
| 260 |
_aMadrid : _b[s.n.], _c1874 ( _fEstablecimiento tipografico de Manuel Martínez) |
||
| 300 |
_a29 p. ; _c20 cm. |
||
| 500 | 1 | _aEn port.: Representada en el Teatro Martin la noche del 5 de febrero de 1874. | |
| 500 | 1 | _aEn port. consta: "C.C." y "Número 27" | |
| 596 | 1 | _aEn verso de la port. consta: "Esta obra es propiedad de Carlos Calvacho ... Los comisionados del Centro Directivo de Teatros ..." | |
| 852 |
_aES-MaACL _jF-8568(1) _z-- Enc. pasta española _z-- Enc. en un vol. facticio, formando parte de la col. facticia "Teatro español moderno", vol. 21 |
||
| 999 |
_c167159 _d167159 |
||